000 00599nam a22001937a 4500
999 _c15088
_d15088
008 161026b xxu||||| |||| 00| 0 eng d
020 _a9780844251004
020 _a0844251003
050 _aPN 6112 .C37 1975
100 _aCassady, Marshall
245 _aTheatre and drama/
_cMarshall Cassady and Pat Cassady
260 _aIllinois:
_bNational Textbook Company,
_c1975
300 _a617p. :
_c20cm.
500 _aIncludes bibliographical references.
650 _aDrama.
_xCollections.
650 _aDrama.
700 _aCassady, Pat
942 _2lcc
_cBOOKS
_hPN 6112 .C37 1975